Derechos humanos como bienes comunes /

Detalles Bibliográficos
Otros Autores: Haeberlin, Martin (Editor), Méndez Sánchez, Fernando (Editor), Nebel, Mathias (Editor)
Formato: Electrónico eBook
Lenguaje:español
Publicado: Bogotá : [Puebla de Zaragoza, México] : Editorial Aula de Humanidades ; UPAEP, 2023.
Edición:Primera edición.
Colección:Colección Bienes comunes (Editorial Aula de Humanidades)
Materias:
Acceso en línea:Digitalia Hispánica

MARC

LEADER 00000nam a2200000 i 4500
001 DIGAUHUM0051
003 NyNyDIG
007 cr |||||||||||
008 250503s2023 ck ob 001 0 spa d
006 m o d
035 |a (OCoLC)1519504449 
040 |a DGITA  |b eng  |e rda  |e pn  |c DGITA 
020 |a 9786287625594  |q (versión digital) 
020 |z 9786287625587  |q (versión impresa) 
050 1 4 |a JC330.15 ebook 
245 0 0 |a Derechos humanos como bienes comunes /  |c Martin Haeberlin, Fernando Méndez Sánchez, Mathias Nebel, editores. 
250 |a Primera edición. 
264 1 |a Bogotá :  |b Editorial Aula de Humanidades ;  |a [Puebla de Zaragoza, México] :  |b UPAEP,  |c 2023. 
300 |a 1 online resource. 
336 |a text  |b txt  |2 rdacontent 
337 |a computer  |b c  |2 rdamedia 
338 |a online resource  |b cr  |2 rdacarrier 
347 |a text file  |2 rdaft 
347 |b PDF 
490 1 |a Colección: Bienes comunes  
504 |a Includes bibliographical references and index. 
588 0 |a Online resource; title from PDF title page (Digitalia, viewed May 3, 2025) 
650 0 |a Common good. 
650 0 |a Human rights. 
700 1 |a Haeberlin, Martin,  |e editor. 
700 1 |a Méndez Sánchez, Fernando,  |e editor. 
700 1 |a Nebel, Mathias,  |e editor. 
791 2 |a Digitalia (Firm),  |e distributor. 
793 0 |g Digitalia eBook Collection:  |a Editorial Aula de Humanidades 
776 0 8 |i Print version:  |t Derechos humanos como bienes comunes.  |b Primera edición.  |d Bogotá : Editorial Aula de Humanidades ; [Puebla de Zaragoza, México] : UPAEP, [2023]  |z 9786287625587 
830 0 |a Colección Bienes comunes (Editorial Aula de Humanidades) 
856 4 0 |3 Digitalia Hispánica  |u https://www.digitaliapublishing.com/a/170639/ 
910 |a Premium collection: 2025